অরন্য গোধুলি / (Record no. 38501)
[ view plain ]
| 000 -LEADER | |
|---|---|
| fixed length control field | 00684nam a22002057a 4500 |
| 001 - CONTROL NUMBER | |
| control field | 38501 |
| 003 - CONTROL NUMBER IDENTIFIER | |
| rucl marc code | BD-RjUL |
| 005 - DATE AND TIME OF LATEST TRANSACTION | |
| control field | 20211209052817.0 |
| 008 - FIXED-LENGTH DATA ELEMENTS--GENERAL INFORMATION | |
| fixed length control field | 151221s bg ||||| |||| 00| 0 eng d |
| 035 ## - SYSTEM CONTROL NUMBER | |
| System control number | (BD-RjUL)38606 |
| 040 ## - CATALOGING SOURCE | |
| Original cataloging agency | BD-RjUL |
| Language of cataloging | ben |
| Transcribing agency | BD-RjUL |
| 041 ## - LANGUAGE CODE | |
| Language code of text/sound track or separate title | ben |
| 082 ## - DEWEY DECIMAL CLASSIFICATION NUMBER | |
| Classification number | 891.443 |
| Author mark and year | MIA |
| 100 ## - MAIN ENTRY--PERSONAL NAME | |
| Personal name | মিয়া, বন্দে আলী |
| 9 (RLIN) | 118873 |
| 245 ## - TITLE STATEMENT | |
| Title | অরন্য গোধুলি / |
| Statement of responsibility, etc. | বন্দে আলী মিয়া |
| 300 ## - PHYSICAL DESCRIPTION | |
| Pagination | ১৭৭ পৃ. ; |
| Size | ২২ সেমি. |
| 650 ## - SUBJECT ADDED ENTRY--TOPICAL TERM | |
| Topical term or geographic name as entry element | বাংলা সাহিত্য |
| Form subdivision | উপন্যাস |
| 9 (RLIN) | 116625 |
| Topical term or geographic name as entry element | Bengali Lillterature |
| Form subdivision | Novels |
| 9 (RLIN) | 118868 |
| 942 ## - ADDED ENTRY ELEMENTS (KOHA) | |
| Source of classification or shelving scheme | Dewey Decimal Classification |
| Koha item type | Books |
| Lost status | Source of classification or shelving scheme | Damaged status | Not for loan | Collection code | Permanent Location | Current Location | Shelving location | Date acquired | Source of acquisition | Cost, normal purchase price | Total Checkouts | Full call number | Date last seen | Date checked out | Copy number | Koha item type |
|---|---|---|---|---|---|---|---|---|---|---|---|---|---|---|---|---|
| Dewey Decimal Classification | Fiction | Central Library, University of Rajshahi | Central Library, University of Rajshahi | 01/07/1968 | নওরোজ | 3.00 | 1 | B 891.443 MIA | 26/12/2015 | 23/12/2015 | C-2 | Books |